NLSUI OPAC header image

Documentation on women, children and human rights (Jan-Mar 1999) (Record no. 110876)

MARC details
000 -LEADER
fixed length control field 00452nam a2200145Ia 4500
008 - FIXED-LENGTH DATA ELEMENTS--GENERAL INFORMATION
fixed length control field 180321s1999 xx 000 0 und d
082 ## - DEWEY DECIMAL CLASSIFICATION NUMBER
Classification number 342.0878 LIB
245 ## - TITLE STATEMENT
Title Documentation on women, children and human rights (Jan-Mar 1999)
260 ## - PUBLICATION, DISTRIBUTION, ETC.
Place of publication, distribution, etc. New Delhi
Name of publisher, distributor, etc. Library and Documentation Centre
Date of publication, distribution, etc. 1999
300 ## - PHYSICAL DESCRIPTION
Extent 152
650 ## - SUBJECT ADDED ENTRY--TOPICAL TERM
Topical term or geographic name entry element Children - Gender justice
650 ## - SUBJECT ADDED ENTRY--TOPICAL TERM
Topical term or geographic name entry element Law - legal rights
650 ## - SUBJECT ADDED ENTRY--TOPICAL TERM
Topical term or geographic name entry element Woman soldier
906 ## - LOCAL DATA ELEMENT F, LDF (RLIN)
a Received on 10.01.2018
Holdings
Withdrawn status Lost status Damaged status Not for loan Collection code Home library Current library Shelving location Date acquired Total Checkouts Barcode Date last seen Price effective from Koha item type
          . .   01.10.2018   REP13165 29.03.2018 29.03.2018 Repository